00744nam a2200193 a 4500003000200000005001700002008004100019050003300060100002900093245005600122260009200178300004000270504004100310650003900351650004300390650004600433650003600479650003500515020250403090411.0050809s19uu xx 00 eng d aPGS LB 2825.5.P4b.Or74 2005 aOrnelas, Ma. Charlene J. aImage profiling of SISC /cMa. Charlene J. Ornelas. aLas Piñas City, Philippines : bSouthville International School and Colleges,c2005. a40 pages :billustrations ;c28 cm. aIncludes bibliographical references. aParents' perceptions of schools.  aInternational schoolsvPublic opinion. aSchool performancevParental assessment.  aSchool ratingsvParent surveys. aPrivate schoolsvEvaluation.